01397nam a2200325 i 4500001001000000003000900010005001700019007000300036008004100039020002800080020002600108040003000134082003200164111009300196245019300289264007200482300003200554336002700586337003300613338002800646490005300674490003800727500007300765500002800838650004400866650003900910650003800949700004800987700003601035000046857DO-SdBNP20251212090035.0ta180403s2015 dr 000 0 spa d a9789945582291 (volumen) a9789945443622 (serie) aDO-SdBNPbspacBNPHUerda 4a330.97293bC744nu, 20142221 aConcurso de Economía de la Biblioteca Juan Pablo Duarte 2014d(2014 :cSanto Domingo )10aNueva literatura económica dominicana :bmenciones de honor del Concurso de Economía Biblioteca ¨Juan Pablo Duarte 2014¨.cedición José Almánzar Alcántara, Elvis Francis Soto 4aSanto Domingo :bBanco Central de la República Dominicana,c2015. axi, 186 páginas ;c23 cm. 2rdacontentatextobtxt 2rdamediaasin mediaciónbn 2rdacarrieravolumenbnc aBanco Central de la República Dominicana v218 aNueva literatura económica v19 aIncluye referencias bibliográficas y notas al pie de las páginas aIncluye bibliografías 4aCambio exteriorzRepública Dominicana 4aPensiones zRepública Dominicana 0aImpuestoszRepública Dominicana1 aAlcántara Almánzar, José,eedición1 aSoto, Elvis Francis,eedición